| 000 | 00000nam##2200000za#4500 |
| 001 | 9.601848 |
| 003 | CaOODSP |
| 005 | 20210624210254 |
| 007 | cr ||||||||||| |
| 008 | 150406|1994||||xxc|||||o f|0| 0 fre|d |
| 040 | |aCaOODSP|bfre |
| 043 | |an-cn--- |
| 086 | 1 |aEn1-17/14-1994F-PDF |
| 110 | 1 |aCanada.|bEnvironnement Canada. |bSection Développement technologique. |
| 245 | 10|aEaux usées industrielles. Bioréacteur à membrane ZénoGem pour le traitement de résidus huileux |h[ressource électronique] |
| 260 | |aMontréal - Québec : |bEnvironnement Canada. |cMars 1994. |
| 300 | |a4p.|bfigure, tableaux, photographies |
| 490 | 1 |aTechnologies Saint-Laurent |
| 590 | |a12-02-Supp|b2012-01-20 |
| 691 | 07|aDéchets industriels|2gcpds |
| 691 | 07|aDécontamination|2gcpds |
| 775 | 08|tIndustrial wastewater. ZenoGem membrane bioreactor for the treatment of oily wastes |w(CaOODSP)9.571222 |
| 776 | 0#|tEaux usées industrielles: bioréacteur à membrane ZénoGem pour le traitement de résidus huileux / |w(CaOODSP)9.623451 |
| 830 | #0|aTechnologies Saint-Laurent.|w(CaOODSP)9.500861 |
| 856 | 40|ahttp://publications.gc.ca|qPDF|s468 Ko|uhttps://publications.gc.ca/collections/Collection/En1-17-14-1994F.pdf |